000 00497nam a22001697a 4500
005 20251108172741.0
008 250721s2002 xx 000 0 ara d
082 1 4 _a956.5/إبر
100 1 _aإبراهيم، بيسم منسي
_eمؤلف
245 1 0 _aالأردن على الدرب إنجازات وتطلعات /
264 1 _aعمان :
_c2002.
300 _a150ص.
650 1 7 _aتاريخ الأردن
650 1 7 _aالتاريخ السياسي
942 _2ddc
_cBK
999 _c87534
_d87534